03099cam a2200433 i 4500003000500000005001700005008004100022020001800063020001500081041001200096042001400108082001900122100002000141100001200161245008700173250001900260260002600279300004100305490003600346504006700382505018900449520139500638650002002033650002002053650001202073700002602085700001902111830003702130856006802167856006802235856006802303856004102371856002602412856002702438906004502465942001202510999001702522952012602539CUTN20250730174846.0141210t20152015enka b 001 0 eng d a9780198708452 a0198708459 aEnglish alccopycat04a361.3223bHOL1 aHolland, Sally,1 eauthor.10aSocial work :ba very short introduction /cSally Holland and Jonathan Scourfield. aFirst edition. axiii, 121 p. :c2015. a121 pages :billustrations ;c18 cm.1 aVery short introductions ;v432 aIncludes bibliographical references (pages 109-115) and index. t1:What is social work? 2:The politics of social work 3:Social work with individuals and families 4:Social work with groups 5:Community social work 6:Does it work? Further reading Index aSocial workers spend their time trying to ease social suffering. They encounter the extreme casualties of social inequality: the victims of poverty, illness, addiction, and abuse; they work with abusers and offenders; and operate in the space between the State and the poor or marginalized. Social work is replete with vivid human stories: the troubled teenage boy who cannot settle in a foster home; the frail older woman who is desperate for social contact; the community seeking a way to tackle gang violence; the sex offender leaving prison; and the disputed territory of international adoption. Social work therefore holds a fundamental importance throughout the modern world. In this Very Short Introduction, Sally Holland and Jonathan Scourfield explain what social work is and look at its rich historical development. Reflecting international human stories of social problems and social work relationships, as well as the philosophies behind the practice and the evidence about what works throughout the world, they look at the various definitions, history, and debates about purpose and effectiveness, theory, and methods. Including wide ranging examples of social work practice around the world and within particular population groups, they reflect the international variation of social work theory and practice, as well as highlighting all of the main controversies and debates. 0aSocial service. 7aSocial service. 72fast941 aScourfield, Jonathan,1 d1966-eauthor. 0aVery short introductions ;v432.42uhttp://www.loc.gov/catdir/enhancements/fy1604/2014959009-b.html42uhttp://www.loc.gov/catdir/enhancements/fy1604/2014959009-d.html41uhttp://www.loc.gov/catdir/enhancements/fy1604/2014959009-t.html423Contributor biographical information423Publisher description413Table of contents only a7bcbcccopycatd2encipf20gy-gencatlg 2ddccCU c44939d44939 00102ddc40708REFaCUTNbCUTNd2025-07-30eUGC NET cell 2025l0o361.3 HOLp52266r2025-07-30 17:49:39w2025-07-30yCU